书目信息 |
| 题名: |
政府采购十日通
|
|
| 作者: | 张毅 , 顾耀明 主编 | |
| 分册: | ||
| 出版信息: | 北京 中国建筑工业出版社 2005.04 |
|
| 页数: | 31,731页 | |
| 开本: | 21cm | |
| 丛书名: | ||
| 单 册: | ||
| 中图分类: | F812.2 | |
| 科图分类: | ||
| 主题词: | 国家行政机关--收购--基本知识--中国 | |
| 电子资源: | ||
| ISBN: | 7-112-07710-9 | |
| 000 | 00889nam0-2200241 450 | |
| 001 | 0100004259 | |
| 005 | 20240402160050.36 | |
| 010 | @a7-112-07710-9@dCNY58.00 | |
| 100 | @a20050317d2005 em y0chiy50 ea | |
| 101 | 0 | @achi |
| 102 | @aCN@b110000 | |
| 105 | @ay zn 000yy | |
| 200 | 1 | @a政府采购十日通@f张毅,顾耀明主编@Azheng fu cai gou shi ri tong |
| 210 | @a北京@c中国建筑工业出版社@d2005.04 | |
| 215 | @a31,731页@d21cm | |
| 330 | @a本书以问答形式明确了政府采购的原则、适用范围、信息公开、实施主体、政府采购的方式、程序等内容,并对如何进行政府项目的工程、货物、服务采购,掌握全过程专业化政府采购提供了很强的可操作性实务指导。 | |
| 606 | 0 | @a国家行政机关@x收购@x基本知识@y中国 |
| 610 | 0 | @a政府采购 |
| 690 | @aF812.2@v4 | |
| 701 | 0 | @a张毅@c(工程管理)@4主编@Azhang yi |
| 701 | 0 | @a顾耀明@4主编@Agu yao ming |
| 801 | 0 | @aCN@b河南城建学院图书馆@c20160515 |
| 905 | @dF812.2@eZ223 | |
| 政府采购十日通/张毅,顾耀明主编.-北京:中国建筑工业出版社,2005.04 |
| 31,731页;21cm |
| ISBN 7-112-07710-9:CNY58.00 |
| 本书以问答形式明确了政府采购的原则、适用范围、信息公开、实施主体、政府采购的方式、程序等内容,并对如何进行政府项目的工程、货物、服务采购,掌握全过程专业化政府采购提供了很强的可操作性实务指导。 |
| ● |
| 相关链接 |
|
|
|
正题名:政府采购十日通
索取号:F812.2/Z223
 
预约/预借
| 序号 | 登录号 | 条形码 | 馆藏地/架位号 | 状态 | 备注 |
| 1 | 1284711 | 212847115 | 社科库409/409社科库 49排6列5层/ [索取号:F812.2/Z223] | 在馆 | |
| 2 | 1284712 | 212847124 | 社科库409/409社科库 49排6列5层/ [索取号:F812.2/Z223] | 在馆 | |
| 3 | 1284713 | 212847133 | 社科库409/409社科库 49排6列5层/ [索取号:F812.2/Z223] | 在馆 | |
| 4 | 1307890 | 213078907 | 社科二线422/409社科库 49排6列5层/ [索取号:F812.2/Z223] | 在馆 | |
| 5 | 1307891 | 213078916 | 社科二线422/409社科库 49排6列5层/ [索取号:F812.2/Z223] | 在馆 | |
| 6 | 1307892 | 213078925 | 社科库409/400A自科库 14排1列5层/ [索取号:F812.2/Z223] | 在馆 | |
| 7 | 1307893 | 213078934 | 社科二线422/409社科库 49排6列5层/ [索取号:F812.2/Z223] | 在馆 | |
| 8 | 1307894 | 213078943 | 社科二线422/409社科库 49排6列5层/ [索取号:F812.2/Z223] | 在馆 | |
| 9 | 1548859 | 215488595 | 社科库409/409社科库 49排6列5层/ [索取号:F812.2/Z223] | 在馆 | |
| 10 | 1548860 | 215488602 | 社科库409/409社科库 49排6列5层/ [索取号:F812.2/Z223] | 在馆 | |
| 11 | 1548861 | 215488611 | 社科库409/409社科库 49排6列5层/ [索取号:F812.2/Z223] | 在馆 | |
| 12 | 1548862 | 215488620 | 社科库409/409社科库 49排6列5层/ [索取号:F812.2/Z223] | 在馆 | |
| 13 | 1548863 | 215488639 | 社科库409/409社科库 49排6列5层/ [索取号:F812.2/Z223] | 在馆 |